Statistiken für Länder, die mit N beginnen

Klicken Sie hier um das Quiz zu spielen!

Allgemein

  • Dieses Quiz wurde 13 mal gespielt
  • Das Durchschnittsergebnis liegt bei 9 aus 11

Antwortstatistiken

Land% Korrekt
Niederlande
100%
Namibia
92%
Niger
92%
Nigeria
92%
Nicaragua
85%
Nepal
77%
Neuseeland
77%
Norwegen
77%
Nauru
69%
Nordkorea
69%
Nordmazedonien
62%

Verteilung der Resultate

Perzentil nach korrekt beantworteten Fragen

Anzahl Personen mit jedem Resultat

Ihre Resultats-Entwicklung

Sie haben dieses Quiz noch nicht gespielt